مكتبة جامعة عجلون الوطنية

فهرس بحث المكتبة

Normal view MARC view
  • روزنبرج،مايكل تأليف/ويلسون،ريتش م.مشارك/ماهيدي،لاري م.مشارك/سندريلا،بول م.مشارك

Entry Personal Name

Number of records used in: 1

001 - CONTROL NUMBER

  • control field: 23140

003 - CONTROL NUMBER IDENTIFIER

  • control field: JO-AjAnu

005 - DATE AND TIME OF LATEST TRANSACTION

  • control field: 20230606074001.0

008 - FIXED-LENGTH DATA ELEMENTS

  • fixed length control field: 230606|| aca||aabn | a|a d

040 ## - CATALOGING SOURCE

  • Original cataloging agency: JO-AjAnu
  • Transcribing agency: JO-AjAnu

100 ## - HEADING--PERSONAL NAME

  • Personal name: روزنبرج،مايكل تأليف/ويلسون،ريتش م.مشارك/ماهيدي،لاري م.مشارك/سندريلا،بول م.مشارك

670 ## - SOURCE DATA FOUND

  • Source citation: Work cat.: (JO-AjAnu)11893: روزنبرج،مايكل تأليف/ويلسون،ريتش م.مشارك/ماهيدي،لاري م.مشارك/سندريلا،بول م.مشارك, author, تعليم الأطفال والمراهقين ذوي الإضطرابات السلوكية